Electronics and instrumentation / (Record no. 519)

MARC details
000 -LEADER
fixed length control field 00654nam a22001937a 4500
005 - DATE AND TIME OF LATEST TRANSACTION
control field 20250224105836.0
008 - FIXED-LENGTH DATA ELEMENTS--GENERAL INFORMATION
fixed length control field 200728b ||||| |||| 00| 0 eng d
020 ## - INTERNATIONAL STANDARD BOOK NUMBER
International Standard Book Number 9781309063330
040 ## - CATALOGING SOURCE
Transcribing agency KCST
082 ## - DEWEY DECIMAL CLASSIFICATION NUMBER
Classification number 621.381
Item number Av El
100 ## - MAIN ENTRY--PERSONAL NAME
Personal name Avarisitsiotis, John
9 (RLIN) 4791
110 ## - MAIN ENTRY--CORPORATE NAME
Corporate name or jurisdiction name as entry element McGraw-Hill Education Custom & Digital Solutions
9 (RLIN) 4792
245 ## - TITLE STATEMENT
Title Electronics and instrumentation /
Statement of responsibility, etc. John Avarisitsiotis, McGraw-Hill Education custom and digital solutions
260 ## - PUBLICATION, DISTRIBUTION, ETC.
Place of publication, distribution, etc. [not identified]:
Name of publisher, distributor, etc. McGraw-Hill Create,
Date of publication, distribution, etc. 2017.
300 ## - PHYSICAL DESCRIPTION
Extent 420 p.
650 ## - SUBJECT ADDED ENTRY--TOPICAL TERM
Topical term or geographic name entry element Electronic instruments.
General subdivision Textbooks.
9 (RLIN) 4793
655 ## - INDEX TERM--GENRE/FORM
Genre/form data or focus term Textbooks.
9 (RLIN) 4759
942 ## - ADDED ENTRY ELEMENTS (KOHA)
Source of classification or shelving scheme Dewey Decimal Classification
Koha item type Course Textbook
Holdings
Withdrawn status Lost status Source of classification or shelving scheme Damaged status Not for loan Home library Current library Date acquired Cost, normal purchase price Total checkouts Total renewals Full call number Barcode Date last seen Date last checked out Price effective from Koha item type Source of acquisition
    Dewey Decimal Classification     KCST Library KCST Library 28/07/2020 28.83 2 1 621.381 Av El 1000000683 05/02/2026 15/09/2025 28/07/2020 Course Textbook  
    Dewey Decimal Classification     KCST Library KCST Library 31/08/2021 0.00     621.381 Av El 1000000772 02/09/2021   02/09/2021 Course Textbook Mr. Samir Bhatt - ECE Dept.
    Dewey Decimal Classification     KCST Library KCST Library 31/08/2021 0.00     621.381 Av El 1000000763 02/09/2021   02/09/2021 Course Textbook Samir Bhatt - ECE Dept.
© 2025 KCST. All rights reserved